000 00740nam a2200205 a 4500
001 000039219
005 20201002031540.0
008 130611s2001 sp 000 0 spa d
020 _a8400079345
040 _aDO-SdBNP
_bspa
_cBNPHU
100 1 _aTorallas Tovar, Sofía
_965418
245 1 3 _aGramática de copto sahídico /
_cSofía Torallas Tovar.
260 _aMadrid :
_bConsejo Superior de Investigaciones Científicas,
_c2001.
300 _a162 p. ;
_c24 cm.
490 1 _aManuales y anejos emérita
_v43
504 _aBibliografía : p. 155-162
504 _aIncluye referencias bibliográficas y notas al pie de las páginas
710 2 _aInstituto de Filología (Madrid)
_965419
830 0 _aManuales y anejos emérita
_v43
_965420
999 _c38709
_d38709